Movies Quiz

Random Movies Quiz
Score 0/6 Timer 06:00
0 Plays Today
Year Movie % Correct
2010Alice in Wonderland
89.3%
2005Corpse Bride
87.5%
2007Sweeney Todd: The Demon Barber of Fleet Street
73%
2005Charlie and the Chocolate Factory
72.1%
2001Planet of the Apes
66.8%
2003Big Fish
66.1%
Remove Ads.
Support Sporcle.
Get the best of Sporcle when you Go Orange. This ad-free experience offers more features, more stats, and more fun while also helping to support Sporcle. Thank you for becoming a member.

You're not logged in!

Compare scores with friends on all Sporcle quizzes.
OR
Log In

Show Comments

Extras

Created Nov 23, 2010ReportNominate
Tags:Tim Burton

Top Quizzes Today


Score Distribution

Your Account Isn't Verified!

In order to create a playlist on Sporcle, you need to verify the email address you used during registration. Go to your Sporcle Settings to finish the process.

Report this User

Report this user for behavior that violates our Community Guidelines.

Details: